Environmental Chemistry

Bibliographische Detailangaben
1. Verfasser: Baird C. Colin
Weitere Verfasser: Cann M. Michael
Zusammenfassung:With up-to-date, balanced, and authoritative coverage of soil, water, and air chemistry, the Fifth Edition offers: Expanded coverage of energy production (especially biofuels), C02 generation and disposal, and innovative ways to combat climate change Increased international coverage to give all students a better perspective on environmental problems and solutions around the world—for example, increased coverage of gaseous and particulate air pollution and COz emissions and air quality standards in both developed and developing countries Updated Green Chemistry cases, including new cases on bio-based toners, recycling carbon dioxide, VOCs in latex paints, bio-based liquid fuels and chemicals, and spinetoram—an improved green pesticide An Activity in most chapters—Web- or library-based mini-projects to be completed either by an individual student or as a group project
Sprache:Englisch
Veröffentlicht: New York, W. H. Freeman and Company, 2012
Ausgabe:5th ed.
Schlagworte:
Format: MixedMaterials Buch
KOHA link:https://koha.lib.tpu.ru/cgi-bin/koha/opac-detail.pl?biblionumber=236496

MARC

LEADER 00000nam0a2200000 4500
001 236496
005 20231101231457.0
010 |a 9781464113499 
035 |a (RuTPU)RU\TPU\book\257661 
090 |a 236496 
100 |a 20130424d2012 k y0engy50 ba 
101 0 |a eng 
102 |a US 
105 |a a z 001zy 
200 1 |a Environmental Chemistry  |f C. Baird, M. Cann 
205 |a 5th ed. 
210 |a New York  |c W. H. Freeman and Company  |d 2012 
215 |a 818 p.  |c il. 
320 |a Index: p. 785-818. 
330 |a With up-to-date, balanced, and authoritative coverage of soil, water, and air chemistry, the Fifth Edition offers: Expanded coverage of energy production (especially biofuels), C02 generation and disposal, and innovative ways to combat climate change Increased international coverage to give all students a better perspective on environmental problems and solutions around the world—for example, increased coverage of gaseous and particulate air pollution and COz emissions and air quality standards in both developed and developing countries Updated Green Chemistry cases, including new cases on bio-based toners, recycling carbon dioxide, VOCs in latex paints, bio-based liquid fuels and chemicals, and spinetoram—an improved green pesticide An Activity in most chapters—Web- or library-based mini-projects to be completed either by an individual student or as a group project 
606 1 |a Химическая экология  |2 stltpush  |3 (RuTPU)RU\TPU\subj\39145  |9 59337 
610 1 |a окружающая среда 
610 1 |a химия 
610 1 |a химические вещества 
610 1 |a химические элементы 
610 1 |a химические соединения 
610 1 |a озоновые дыры 
610 1 |a озоновый слой 
610 1 |a атмосфера 
610 1 |a загрязнение 
610 1 |a климат 
610 1 |a изменение 
610 1 |a глобальная экология 
610 1 |a биотехнологии 
610 1 |a гидроэкология 
610 1 |a английский язык 
610 1 |a приземные слои 
610 1 |a приземный воздух 
610 1 |a зеленая химия 
610 1 |a энергия 
610 1 |a парниковый эффект 
610 1 |a ископаемое топливо 
610 1 |a углекислый газ 
610 1 |a выбросы 
610 1 |a биотопливо 
610 1 |a альтернативные источники энергии 
610 1 |a возобновляемая энергетика 
610 1 |a технологии 
610 1 |a ядерная энергия 
610 1 |a вода 
610 1 |a химический состав 
610 1 |a гидрохимия 
610 1 |a тяжелые металлы 
610 1 |a токсичность 
610 1 |a токсичные органические вещества 
610 1 |a пестициды 
610 1 |a диоксины 
610 1 |a фураны 
610 1 |a полихлорированные биофенилы 
610 1 |a тропосфера 
610 1 |a стратосфера 
675 |a 504.05  |v 3 
700 1 |a Baird  |b C.  |g Colin 
701 1 |a Cann  |b M.  |g Michael 
801 1 |a RU  |b 63413507  |c 20130424 
801 2 |a RU  |b 63413507  |c 20160225  |g RCR 
942 |c BK 
959 |a 87/20130424  |d 1  |e 0  |f ЧЗИЛ:1